AN INTRODUCTION TO ASSEMBLY LANGUAGE PROGRAMMING FOR THE 8086 FAMILY,A SELF-TEACHING GUIDE (Record no. 581243)
[ view plain ]
| 000 -LEADER | |
|---|---|
| fixed length control field | 00440nam a22001337a 4500 |
| 020 ## - INTERNATIONAL STANDARD BOOK NUMBER | |
| International Standard Book Number | 0-471-80825-3 |
| 082 ## - DEWEY DECIMAL CLASSIFICATION NUMBER | |
| Classification number | 004.16 SKI'I |
| 100 ## - MAIN ENTRY--PERSONAL NAME | |
| Personal name | SKINNER, THOMAS.P |
| 9 (RLIN) | 75829 |
| 245 ## - TITLE STATEMENT | |
| Title | AN INTRODUCTION TO ASSEMBLY LANGUAGE PROGRAMMING FOR THE 8086 FAMILY,A SELF-TEACHING GUIDE |
| 260 ## - PUBLICATION, DISTRIBUTION, ETC. | |
| Place of publication, distribution, etc. | NEWYORK |
| Name of publisher, distributor, etc. | JOHN WILEY |
| Date of publication, distribution, etc. | 1985 |
| 300 ## - PHYSICAL DESCRIPTION | |
| Extent | 222P |
| 650 ## - SUBJECT ADDED ENTRY--TOPICAL TERM | |
| Topical term or geographic name entry element | ASSEMBLER LANGUAGE INTEL 8086 MICROPROCESSOR INTEL 8088 MICROPROCESSOR |
| 9 (RLIN) | 75830 |
| 942 ## - ADDED ENTRY ELEMENTS (KOHA) | |
| Koha item type | Book |
| Withdrawn status | Lost status | Damaged status | Not for loan | Permanent Location | Current Location | Shelving location | Date acquired | Total Checkouts | Full call number | Barcode | Date last seen | Price effective from | Koha item type |
|---|---|---|---|---|---|---|---|---|---|---|---|---|---|
| College of Electrical & Mechanical Engineering (CEME) | College of Electrical & Mechanical Engineering (CEME) | General Stacks | 02/22/2017 | 004.16 SKI'I | CEME-19153 | 06/28/2021 | 06/28/2021 | Book |
